00279nam a2200109 a 4500008004100000050001300041245003900054246001500093260002500108300002700133350000900160120416s1995 ||||||||||||||||| || u aZPTF(02)10aRothmans of Pall Mall (Zambia) PLC aprospectus a[Lusaka]bZPTFc1995 a31p. Invarious pagings a0.00